[Event "Mechanics' Peter Grey TNM; G/2 d5"]
[Site "San Francisco"]
[Date "2017.10.03"]
[Round "9.44"]
[White "Nasiff, Wassim"]
[Black "Canessa, Kate"]
[Result "1-0"]
[WhiteElo "1156"]
[BlackElo "104"]
[PlyCount "81"]
[EventDate "2017.??.??"]

1. e4 e5 2. Nf3 Nc6 3. Bc4 Nh6 4. O-O Bc5 5. d3 Ng4 6. c3 O-O 7. d4 Bd6 8. Bg5
Be7 9. Bxe7 Nxe7 10. d5 d6 11. h3 Nf6 12. Bd3 a6 13. c4 Bd7 14. Nc3 c6 15. a4
c5 16. a5 Rb8 17. Qd2 b6 18. axb6 Qxb6 19. Na4 Qa7 20. Nc3 a5 21. Bc2 Rxb2 22.
Rfb1 Rb7 23. Rxb7 Qxb7 24. Rxa5 Qb4 25. Ra7 Qxc4 26. Ba4 Nc8 27. Ra5 Nb6 28.
Bxd7 Nbxd7 29. Ra4 Qb3 30. Qc1 Qb7 31. Qb1 Qc8 32. Nb5 Qb8 33. Ra1 Nh5 34. Nc3
Nf4 35. Qxb8 Rxb8 36. Nh4 Nf6 37. Nf5 Nd3 38. Nxd6 Nh5 39. f3 g5 40. Nc4 f6 41.
Rd1 {White later won. Remaining moves unavailable.} 1-0

[Event "Mechanics' Fall TNM; G/2 d5"]
[Site "San Francisco"]
[Date "2017.12.12"]
[Round "8.38"]
[White "Nasiff, Wassim"]
[Black "Capdeville, Barry"]
[Result "1/2-1/2"]
[WhiteElo "1086"]
[BlackElo "1238"]
[Annotator "Donaldson"]
[PlyCount "109"]
[EventDate "2017.??.??"]

1. e4 e5 2. Nf3 Nf6 3. Nxe5 d6 4. Nf3 Nxe4 5. Qe2 Qe7 6. Qd3 $2 Ng3+ 7. Be2 Bf5
8. Qe3 Nxh1 9. Nc3 c6 10. Nd4 Bg6 11. Qxe7+ Bxe7 12. Bf3 d5 13. d3 Nxf2 14.
Kxf2 O-O 15. Bf4 Bc5 16. Be3 Nd7 17. a3 Rae8 18. b4 Bb6 19. Na4 Bc7 20. g3 Bd6
21. Nb3 b6 22. Rd1 Ne5 23. Be2 Re6 24. Nd4 Rf6+ 25. Kg2 Bc7 26. Bg5 Rd6 27. Bf4
(27. Be7) 27... Re8 28. Nf3 Rde6 29. Nxe5 Bxe5 30. Bxe5 Rxe5 31. Bg4 Bh5 32.
Bxh5 Rxh5 33. Rd2 Re1 34. Nc3 Ra1 35. Re2 Kf8 36. b5 Rxa3 37. Nb1 Ra5 38. Nc3
d4 39. Ne4 Raxb5 40. Nd6 Rbe5 41. Ne4 a5 42. h4 f5 43. Rf2 Ke7 44. Ng5 Rh6 45.
Rf4 Rd6 46. Nxh7 Re2+ 47. Kh3 Rd5 48. Ng5 a4 49. Nf3 a3 50. Nxd4 a2 51. Nb3 Rb5
52. Ra4 Rxc2 53. Nd4 Ra5 54. Nxc6+ Kd7 $4 (54... Rxc6) (54... Kd7 55. Nxa5 bxa5
56. Rxa5 Kc7 57. h5 Kb6 58. Ra8 Kc5 59. Kh4 Rg2 60. Kg5 Rxg3+ 61. Kxf5 Rg2 62.
Ra7 Kb4 63. d4 Kc3 64. d5 Kb2 65. Rb7+ Kc1 66. Ra7 Kb1 67. d6 a1=Q 68. Rxa1+
Kxa1 69. d7 Rd2 70. Ke6 Kb2 71. Ke7 Re2+ 72. Kd6 Rd2+ 73. Kc7 Rc2+ $11) 55.
Nxa5 1/2-1/2

[Event "Mechanics' Summer TNM; G/2 d5"]
[Site "San Francisco"]
[Date "2017.06.06"]
[Round "3.7"]
[White "Nasiff, Wassim"]
[Black "Melville, Cailen"]
[Result "0-1"]
[WhiteElo "1173"]
[BlackElo "1727"]
[PlyCount "28"]
[EventDate "2017.??.??"]

1. e4 e6 2. d4 d5 3. e5 c5 4. c3 Qb6 5. Nf3 Nc6 6. Be2 cxd4 7. Nxd4 Nxe5 8. O-O
Bd7 9. Bf4 Ng6 10. Bg3 Qxb2 11. Nb3 Ba4 12. Qc1 Qxe2 13. Qe1 Qb2 14. N1d2 Qxc3
{and Black went on to win. Remaining moves unavailable.} 0-1

[Event "Mechanics' Winter TNM; G/2"]
[Site "San Francisco"]
[Date "2017.02.21"]
[Round "8.40"]
[White "Nassif, Wassim"]
[Black "Bayaraa, Timothy"]
[Result "1-0"]
[WhiteElo "1136"]
[BlackElo "591"]
[PlyCount "107"]
[EventDate "2017.??.??"]

1. e4 e5 2. Nf3 Nc6 3. Bc4 h6 4. O-O Nf6 5. Nc3 Bc5 6. d3 a6 7. Be3 Bxe3 8.
fxe3 O-O 9. d4 d6 10. Qe2 b5 11. Bb3 b4 12. Nd5 Nxe4 13. Rad1 Qe8 14. Nxc7 Qd7
15. Nxa8 Qb7 16. Bd5 Nf6 17. Bxc6 Qxc6 18. dxe5 dxe5 19. Nxe5 Qxa8 20. Nf3 Bb7
21. Rd4 a5 22. Rfd1 Ba6 23. Qe1 Bb7 24. Nh4 Be4 25. Qd2 Qc6 26. Rd8 Qxc2 27.
Rxf8+ Kxf8 28. Qxc2 Bxc2 29. Rd2 b3 30. axb3 Bxb3 31. Nf5 Ke8 32. Nxg7+ Ke7 33.
Nf5+ Ke8 34. Nxh6 a4 35. Rd4 Nd5 36. Re4+ Kf8 37. h4 Nb6 38. h5 Nc4 39. Rg4
Nxb2 40. Rg8+ Ke7 41. Nf5+ Kf6 42. h6 Kxf5 43. h7 f6 44. h8=Q a3 45. Qh7+ Ke5
46. Re8+ Kd5 47. Qb7+ Kc4 48. Rc8+ Kd3 49. Qxb3+ Ke4 50. Qxa3 Nd3 51. Re8+ Kf5
52. Qxd3+ Kg5 53. Rg8+ Kh4 54. Qh7# 1-0

[Event "Mechanics' Spring TNM; G/2"]
[Site "San Francisco"]
[Date "2017.03.28"]
[Round "3.16"]
[White "Nassif, Wassim"]
[Black "Fuentes, Romulo C"]
[Result "0-1"]
[WhiteElo "1135"]
[BlackElo "2200"]
[PlyCount "112"]
[EventDate "2017.??.??"]

1. e4 c5 2. Nf3 d6 3. h3 a6 4. Bc4 e6 5. Nc3 Nf6 6. a3 b5 7. Ba2 b4 8. axb4
cxb4 9. Na4 Bd7 10. Bb3 Nxe4 11. Qe2 Nf6 12. d3 Be7 13. O-O Nc6 14. Be3 Rb8 15.
d4 Na5 16. Qxa6 Nxb3 17. cxb3 Bb5 18. Qa7 Bxf1 19. Kxf1 Nd5 20. Bd2 O-O 21. Rc1
Bf6 22. Rc4 h6 23. Ne1 Bg5 24. f4 Bxf4 25. Bxf4 Nxf4 26. Kf2 Qf6 27. Ke3 d5 28.
Rc6 Qg5 29. Kf2 Qh4+ 30. Kf1 Qg3 31. Rc2 Ra8 32. Qc7 Qxb3 33. Nc5 Qe3 34. Qe5
Qxe5 35. dxe5 Rfc8 36. Rf2 Nxh3 37. gxh3 Rxc5 38. Nd3 Rc4 39. b3 Rd4 40. Rf3
Ra3 41. Nc5 Rd2 42. Re3 Ra1+ 43. Re1 Rxe1+ 44. Kxe1 Rh2 45. Na6 Rxh3 46. Nxb4
Rxb3 47. Nc2 h5 48. Ke2 h4 49. Ne1 h3 50. Nf3 h2 51. Nxh2 Rb2+ 52. Ke3 Rxh2 53.
Kf3 Rh5 54. Kf4 Rf5+ 55. Ke3 Rxe5+ 56. Kd3 f6 0-1

[Event "Mechanics' Winter TNM; G/2"]
[Site "San Francisco"]
[Date "2017.01.03"]
[Round "1.27"]
[White "Nassif, Wassim"]
[Black "Mays, Jerry"]
[Result "0-1"]
[WhiteElo "1136"]
[BlackElo "1804"]
[PlyCount "96"]
[EventDate "2017.??.??"]

1. e4 e5 2. Nf3 Nc6 3. Bc4 Nf6 4. d3 Be7 5. a3 O-O 6. O-O d5 7. exd5 Nxd5 8. h3
Nf6 9. Re1 e4 10. dxe4 Qxd1 11. Rxd1 Nxe4 12. Bb5 Bc5 13. Be3 Bxe3 14. fxe3 Ne7
15. Rd4 Nd6 16. Nc3 Nef5 17. Rd3 c6 18. e4 Ng3 19. Rxd6 cxb5 20. Kf2 Nh5 21.
Nxb5 Nf6 22. Rd4 Bd7 23. Nc3 Bc6 24. e5 Nd7 25. Re1 f6 26. e6 Ne5 27. Re3 g5
28. Ke2 Bxf3+ 29. gxf3 Rfe8 30. Rd6 Nc4 31. Ne4 Nxd6 32. Nxd6 Re7 33. Nf5 Kf8
34. Nxe7 Kxe7 35. Kf2 Rc8 36. c3 Rc6 37. Kg3 h5 38. h4 Rxe6 39. Rxe6+ Kxe6 40.
hxg5 fxg5 41. f4 gxf4+ 42. Kxf4 Kd5 43. Kg5 Kc4 44. Kxh5 Kb3 45. c4 Kxc4 46.
Kg5 Kb3 47. Kf5 Kxb2 48. Ke5 Kxa3 0-1

[Event "Mechanics' Winter TNM; G/2"]
[Site "San Francisco"]
[Date "2017.01.31"]
[Round "5.41"]
[White "Nassif, Wassim"]
[Black "Robertson, Guy R"]
[Result "0-1"]
[WhiteElo "1136"]
[BlackElo "1421"]
[Annotator "Donaldson"]
[PlyCount "58"]
[EventDate "2017.??.??"]

1. e4 d6 2. d4 Nd7 3. Nf3 e5 4. d5 Ngf6 5. Nc3 Be7 6. Be2 O-O 7. O-O Nc5 8. Bd3
Nxd3 9. Qxd3 a5 10. a4 b6 11. b3 Nd7 12. Be3 Nc5 13. Qd2 f5 14. exf5 Bxf5 15.
Bxc5 bxc5 16. Rfe1 Bg4 17. Qe2 Bg5 18. Rad1 Qf6 19. Ne4 Bxf3 20. Nxf6+ Rxf6 21.
gxf3 Bf4 22. Kg2 Rg6+ 23. Kh3 Rf8 24. Qf1 Rh6+ 25. Kg4 Bxh2 26. f4 Rxf4+ 27.
Kg5 Rg6+ 28. Kh5 Rfg4 29. Rd3 (29. f4 Rg3 30. fxe5 Rh6#) 29... R6g5# 0-1

[Event "Mechanics' Spring TNM; G/2"]
[Site "San Francisco"]
[Date "2017.04.11"]
[Round "5.19"]
[White "Nassif, Wassim"]
[Black "Sarafian, Greg"]
[Result "0-1"]
[WhiteElo "1135"]
[BlackElo "1862"]
[PlyCount "48"]
[EventDate "2017.??.??"]

1. e4 c5 2. Nf3 e6 3. Nc3 Nc6 4. a3 Nf6 5. Bc4 a6 6. d3 d5 7. exd5 exd5 8. Qe2+
Be7 9. Ba2 O-O 10. O-O Bg4 11. h3 Nd4 12. Qd1 Bxf3 13. gxf3 Qd7 14. Kg2 Qf5 15.
Be3 Ne6 16. Rg1 d4 17. Bd2 dxc3 18. Bxc3 Nf4+ 19. Kf1 Nxh3 20. Rh1 Nh5 21. Qe2
Rae8 22. Qe5 Qxf3 23. Qh2 N5f4 24. Be5 Qe2# 0-1

[Event "Mechanics' Summer TNM; G/2 d5"]
[Site "San Francisco"]
[Date "2017.07.11"]
[Round "7.19"]
[White "Newey, Richard"]
[Black "Drane, Robert W"]
[Result "1-0"]
[WhiteElo "1745"]
[BlackElo "1850"]
[Annotator "Donaldson"]
[PlyCount "43"]
[EventDate "2017.??.??"]

1. e4 Nf6 2. Nc3 d5 3. e5 Ne4 4. d4 (4. Nce2 d4 5. c3 dxc3 6. bxc3 $1 (6. Qa4+
$2 Nd7 7. Qxe4 Nc5 {winning.})) 4... Nxc3 5. bxc3 c5 6. Bb5+ Bd7 7. Qe2 e6 8.
Nf3 Nc6 9. O-O a6 10. Bxc6 Bxc6 11. a4 Qd7 12. Be3 Bxa4 13. c4 cxd4 14. Nxd4
Bc5 (14... dxc4 $1 15. Qxc4 b5) 15. Nb5 axb5 (15... Bxb5 16. Bxc5 (16. cxb5
Bxe3 17. fxe3 O-O 18. bxa6 bxa6 19. Rxa6 Rxa6 20. Qxa6 Qc7) 16... Bxc4 17. Qg4
Bxf1 18. Qxg7 O-O-O) 16. Bxc5 Qc6 (16... bxc4 17. Qg4 g6 18. Qf4) (16... Rc8 $1
17. Qe3 bxc4 18. Bd6 f5 19. exf6 gxf6) 17. Bd6 Qxc4 18. Qe3 Ra6 $2 {Diagram [#]
} (18... h6 19. Qg3 g5 (19... Rh7 20. f4) 20. f4) 19. Qg5 $1 Rxd6 20. Qxg7 Rf8
21. exd6 Kd7 22. Qxf8 1-0

[Event "Mechanics' Winter TNM; G/2"]
[Site "San Francisco"]
[Date "2017.02.14"]
[Round "7.23"]
[White "Newey, Richard"]
[Black "Enkh, Tergelsar"]
[Result "1-0"]
[WhiteElo "1721"]
[BlackElo "1466"]
[PlyCount "97"]
[EventDate "2017.??.??"]

1. e4 e5 2. Nf3 Nc6 3. Bc4 Nf6 4. Ng5 d5 5. exd5 Na5 6. Bb5+ c6 7. dxc6 bxc6 8.
Bd3 h6 9. Ne4 Nxe4 10. Bxe4 Qh4 11. Qf3 Bd7 12. d3 Bc5 13. Be3 Bxe3 14. Qxe3
Qf6 15. O-O O-O 16. Nc3 a6 17. Qf3 Qxf3 18. Bxf3 Rab8 19. b3 Nb7 20. Rfe1 Rfe8
21. g3 Nc5 22. Ne4 Nb7 23. Re2 f6 24. Rae1 Be6 25. Bg2 Red8 26. f4 exf4 27.
Nxf6+ gxf6 28. Rxe6 fxg3 29. hxg3 Rd6 30. Re8+ Rxe8 31. Rxe8+ Kf7 32. Rc8 Nd8
33. Rc7+ Ke6 34. Kf2 f5 35. Ke3 Kf6 36. Bf3 Ke5 37. c3 Ke6 38. d4 Kf6 39. Kd3
Kg5 40. Rg7+ Kf6 41. Ra7 c5 42. d5 Nf7 43. c4 Ne5+ 44. Ke3 Kg5 45. Rg7+ Kf6 46.
Rc7 Nd7 47. Bh5 Ke7 48. Kf4 Kf6 49. Rc6 1-0

[Event "Mechanics' Peter Grey TNM; G/2 d5"]
[Site "San Francisco"]
[Date "2017.10.03"]
[Round "9.19"]
[White "Newey, Richard"]
[Black "Giridharan, Durgashankar"]
[Result "1-0"]
[WhiteElo "1755"]
[BlackElo "1469"]
[Annotator "Donaldson"]
[PlyCount "39"]
[EventDate "2017.??.??"]

1. e4 c5 2. Nf3 Nc6 3. Be2 Nf6 4. Nc3 d5 5. exd5 Nxd5 6. O-O e6 7. d4 cxd4 8.
Nxd4 Nxc3 9. bxc3 Nxd4 (9... Bd7) 10. cxd4 Bd6 11. h3 O-O 12. Be3 Qc7 13. c4 b6
14. Rc1 Rd8 15. Bg5 Rd7 (15... Be7) 16. d5 Bf4 17. Bxf4 Qxf4 18. Bf3 Ba6 $4 (
18... Bb7) 19. Qa4 Bc8 20. dxe6 1-0

[Event "Mechanics' Peter Grey TNM; G/2 d5"]
[Site "San Francisco"]
[Date "2017.09.05"]
[Round "5.20"]
[White "Newey, Richard"]
[Black "Greene, Sam"]
[Result "1-0"]
[WhiteElo "1755"]
[BlackElo "1507"]
[PlyCount "48"]
[EventDate "2017.??.??"]

1. e4 e6 2. d4 d5 3. Nd2 c5 4. exd5 exd5 5. Bb5+ Nc6 6. Ne2 Nge7 7. dxc5 a6 8.
Bd3 Nf5 9. Nb3 a5 10. a4 Be7 11. O-O O-O 12. Bf4 Be6 13. Ng3 Qd7 14. Re1 Rfe8
15. Qd2 Ncd4 16. Nxd4 Nxd4 17. Bxh7+ Kxh7 18. Qxd4 Kg8 19. Nh5 Bf8 20. Bd6 $1
f6 21. Bxf8 Rxf8 22. Ra3 Bf7 {Diagram [#]} 23. Nxf6+ $1 gxf6 24. Qxf6 Bg6 1-0

[Event "Mechanics' Winter TNM; G/2"]
[Site "San Francisco"]
[Date "2017.01.31"]
[Round "5.27"]
[White "Newey, Richard"]
[Black "Hilliard, Michael"]
[Result "1-0"]
[WhiteElo "1721"]
[BlackElo "1465"]
[PlyCount "89"]
[EventDate "2017.??.??"]

1. e4 c6 2. c4 e5 3. Nf3 d6 4. Be2 Nf6 5. Nc3 Be6 6. O-O Be7 7. d4 exd4 8. Nxd4
O-O 9. Bf4 Na6 10. a3 Nc5 11. Qc2 Rc8 12. b4 Ncd7 13. Rad1 d5 14. e5 Ne8 15. c5
a6 16. Bd3 g6 17. Rfe1 Bg5 18. Bg3 Ng7 19. f4 Bh4 20. Qf2 Bxg3 21. Qxg3 f6 22.
f5 Bxf5 23. Nxf5 fxe5 24. Nxg7 Kxg7 25. Be2 e4 26. Bg4 Rc7 27. Ne2 Nf6 28. Nf4
Re7 29. Ne6+ Rxe6 30. Bxe6 Qb8 31. Qd6 Qxd6 32. cxd6 Rd8 33. d7 Nxd7 34. Bxd7
Rxd7 35. Rxe4 Rf7 36. Re8 Rd7 37. Rde1 Kf7 38. R8e2 Kf6 39. Rf1+ Kg7 40. Rf4 g5
41. Rf5 h6 42. Rfe5 Kf7 43. Re6 h5 44. Rh6 h4 45. Rh7+ 1-0

[Event "Mechanics' Peter Grey TNM; G/2 d5"]
[Site "San Francisco"]
[Date "2017.08.22"]
[Round "3.6"]
[White "Newey, Richard"]
[Black "Ivanov, Aleksandr"]
[Result "0-1"]
[WhiteElo "1755"]
[BlackElo "2124"]
[PlyCount "66"]
[EventDate "2017.??.??"]

1. e4 e6 2. d4 d5 3. Nd2 Nc6 4. c3 e5 5. exd5 Qxd5 6. Ngf3 exd4 7. Bc4 Qf5 8.
cxd4 Be6 9. O-O O-O-O 10. Bxe6+ fxe6 11. Nb3 e5 12. Be3 Nf6 13. Rc1 e4 14. Nfd2
Kb8 15. Re1 h5 16. a3 h4 17. h3 g5 18. f3 Rg8 19. fxe4 Nxe4 20. Nxe4 Qxe4 21.
Bf2 Qd5 22. Qf3 Qxf3 23. gxf3 Bd6 24. Red1 Bf4 25. Rc2 Ne5 26. Kg2 b6 27. Nd2
Ng6 28. Ne4 Kb7 29. Nf6 Rgf8 30. Nh5 Rd5 31. Rd3 Rf7 32. Rdc3 Bd6 33. Bg1 Rdf5
0-1

[Event "Mechanics' Summer TNM; G/2 d5"]
[Site "San Francisco"]
[Date "2017.06.06"]
[Round "3.11"]
[White "Newey, Richard"]
[Black "Krasnov, Steven"]
[Result "0-1"]
[WhiteElo "1745"]
[BlackElo "2052"]
[PlyCount "50"]
[EventDate "2017.??.??"]

1. e4 c5 2. Bc4 Nc6 3. Nf3 d6 4. d4 cxd4 5. Nxd4 Nf6 6. Nc3 Bd7 7. O-O a6 8.
Bg5 e6 9. Kh1 Be7 10. f4 b5 11. Ndxb5 axb5 12. Nxb5 Qb8 13. Bxf6 gxf6 14. a4
Na7 15. Qh5 Nxb5 16. axb5 Qb7 17. Rae1 Rc8 18. b3 Rc5 19. f5 Re5 20. Rf4 d5 21.
Bd3 Bxb5 22. Rg4 Bxd3 23. Rg7 Bf8 24. Rxh7 Rxh7 25. Qxh7 Bxe4 0-1

[Event "Mechanics' Peter Grey TNM; G/2 d5"]
[Site "San Francisco"]
[Date "2017.09.12"]
[Round "6.12"]
[White "Newey, Richard"]
[Black "Lum, Michael K"]
[Result "0-1"]
[WhiteElo "1755"]
[BlackElo "1981"]
[PlyCount "136"]
[EventDate "2017.??.??"]

1. e4 c6 2. c4 d5 3. e5 dxc4 4. Bxc4 Qd4 5. Qe2 Bg4 6. Nf3 Bxf3 7. gxf3 e6 8.
Nc3 Nd7 9. d3 Nxe5 10. Be3 Qd7 11. O-O-O Be7 12. h4 Nf6 13. Bf4 Ng6 14. Bg5
O-O-O 15. h5 Nd5 16. Ne4 Bxg5+ 17. Nxg5 Ngf4 18. Qd2 Qc7 19. Kb1 Rd7 20. Ne4
Nb6 21. Qa5 Nxc4 22. Qxc7+ Kxc7 23. dxc4 Rxd1+ 24. Rxd1 Nxh5 25. Ng5 Rd8 26.
Rh1 g6 27. Nxf7 Rd2 28. Rh2 Re2 29. Ng5 Kd6 30. Nxh7 Kc5 31. Rh4 Rxf2 32. Nf8
Rxf3 33. Nxg6 Nf6 34. a3 a5 35. Kc2 Re3 36. Kd2 Re4 37. Kd3 Rxh4 38. Nxh4 Ng4
39. Kc3 Kd6 40. Nf3 Ne5 41. Nd4 Nd7 42. b4 a4 43. b5 c5 44. Nc2 Ke5 45. Ne1 Ke4
46. Nd3 e5 47. Nb2 Nb6 48. Nd3 Nd7 49. Nb2 Kf3 50. Nxa4 e4 51. Nb2 e3 52. Nd3
e2 53. Kd2 Nb6 54. Ne5+ Kf2 55. Ng4+ Kf3 56. Ne5+ Ke4 57. Nd3 Kd4 58. Kxe2 Kxc4
59. Kd2 Kxb5 60. Kc3 Nd5+ 61. Kb2 b6 62. Nc1 Kc4 63. Nb3 b5 64. Na5+ Kd3 65.
Nb7 c4 66. Nd6 c3+ 67. Kc1 b4 68. axb4 Nxb4 0-1

[Event "Mechanics' Summer TNM; G/2 d5"]
[Site "San Francisco"]
[Date "2017.06.20"]
[Round "5.16"]
[White "Newey, Richard"]
[Black "Porlares, Teodoro"]
[Result "0-1"]
[WhiteElo "1745"]
[BlackElo "1941"]
[PlyCount "42"]
[EventDate "2017.??.??"]

1. e4 c6 2. c4 d5 3. e5 Bf5 4. d4 e6 5. Nf3 Nd7 6. Bd2 h6 7. a3 a5 8. Nc3 Ne7
9. c5 b6 10. b4 bxc5 11. bxc5 Ng6 12. Na4 Be7 13. Qc1 O-O 14. h4 h5 15. Be2 f6
16. exf6 Bxf6 17. Bg5 e5 18. dxe5 Ndxe5 19. Nd4 Bg4 20. f4 Bxg5 21. fxg5 Nf4
0-1

[Event "Mechanics' Spring TNM; G/2"]
[Site "San Francisco"]
[Date "2017.04.25"]
[Round "7.23"]
[White "Newey, Richard"]
[Black "Simpkins, Jerry"]
[Result "1-0"]
[WhiteElo "1721"]
[BlackElo "1513"]
[Annotator "Donaldson"]
[PlyCount "33"]
[EventDate "2017.??.??"]

1. e4 e5 2. Nf3 f5 3. Bc4 fxe4 4. Nxe5 Qg5 5. d4 Qxg2 6. Qh5+ g6 7. Bf7+ Kd8 8.
Bg5+ (8. Bxg6 Qxh1+ 9. Ke2 c6 $1 (9... Qxc1 10. Nf7+ Ke8 11. Nxh8+ (11. Nd6+
Kd8 12. Nf7+ $11) 11... hxg6 12. Qxg6+ Kd8 13. Nf7+ Ke7 14. Nc3 Qxc2+ 15. Ke1
d6 16. Nd5+ Kd7 17. Qxg8)) 8... Be7 9. Bxg6 Qxh1+ (9... Bxg5 $1 10. Nf7+ Ke7
11. Nxg5 Qxh1+ 12. Ke2 Nf6) 10. Ke2 d6 11. Nf7+ Kd7 12. Qg4+ (12. Qh3+ Kc6 13.
d5+ Kxd5 14. Nc3+ Kc6 15. Ne5+ dxe5 16. Be8+ Kb6 17. Qe3+) 12... Kc6 13. Bxe4+
d5 14. Bf5 Bxf5 15. Qxf5 {Diagram [#]} Bxg5 (15... Qe4+ 16. Qxe4 dxe4 17. Bxe7
Nxe7 18. Nxh8 Nf5 $11) 16. Qe6+ Kb5 17. Nc3+ 1-0

[Event "Mechanics' Fall TNM; G/2 d5"]
[Site "San Francisco"]
[Date "2017.12.19"]
[Round "9.27"]
[White "Newey, Richard"]
[Black "Starr, Albert"]
[Result "1-0"]
[WhiteElo "1765"]
[BlackElo "1542"]
[Annotator "Donaldson"]
[PlyCount "67"]
[EventDate "2017.??.??"]

1. e4 e5 2. Nf3 Nf6 3. Nc3 Bb4 4. Nd5 (4. Nxe5) (4. Bc4) (4. d3) 4... Nxd5 5.
exd5 d6 (5... O-O) 6. c3 Bc5 7. h3 (7. d4 exd4 8. Nxd4 O-O 9. Be2) 7... O-O (
7... e4 $2 8. Qa4+ Bd7 9. Qxe4+ $16) 8. b4 Bb6 9. Be2 (9. d3) 9... Bf5 (9... e4
$1) 10. O-O Nd7 11. d4 e4 12. Nh2 h6 13. c4 a5 14. c5 Ba7 15. c6 Nf6 16. bxa5
Nxd5 $2 (16... bxc6 17. dxc6 Nd5) 17. cxb7 Rb8 18. a6 Nc3 19. Qd2 Bxd4 $2 (
19... Nxe2+) 20. Bg4 $1 Bxg4 21. Nxg4 Ne2+ 22. Qxe2 Bxa1 23. Be3 Bf6 24. Rb1
Qe7 25. Nxf6+ Qxf6 26. Qb2 Qe6 27. Bd4 f6 28. Qb3 d5 29. a7 Qd6 30. axb8=Q Rxb8
31. Ba7 Rxb7 32. Qxb7 c5 33. Rb5 Qe5 34. Qb8+ 1-0

[Event "Mechanics' Winter TNM; G/2"]
[Site "San Francisco"]
[Date "2017.01.17"]
[Round "3.4"]
[White "Newey, Richard"]
[Black "Traub, Igor Vladim"]
[Result "0-1"]
[WhiteElo "1721"]
[BlackElo "2163"]
[PlyCount "70"]
[EventDate "2017.??.??"]

1. e4 e5 2. Nf3 Nc6 3. Bc4 Bc5 4. c3 d6 5. b4 Bb6 6. Qb3 Qe7 7. d3 Nf6 8. a4 a6
9. Be3 Bxe3 10. fxe3 Ng4 11. Ke2 O-O 12. Nbd2 Be6 13. h3 Nf6 14. g4 Bxc4 15.
Qxc4 Rad8 16. g5 d5 17. gxf6 Qxf6 18. exd5 Ne7 19. e4 Ng6 20. Raf1 c6 21. Ne1
Nf4+ 22. Kd1 cxd5 23. exd5 Qe7 24. Qc5 Qd7 25. b5 Rc8 26. Qf2 axb5 27. Ne4 Qxd5
28. Rhg1 f5 29. Qg3 g6 30. Rxf4 exf4 31. Qg5 Qb3+ 32. Nc2 fxe4 33. Qxb5 Rxc3
34. Qxb3+ Rxb3 35. dxe4 Rb1+ 0-1

[Event "Mechanics' Spring TNM; G/2"]
[Site "San Francisco"]
[Date "2017.03.28"]
[Round "3.30"]
[White "Newey, Richard"]
[Black "Valente, Marty J"]
[Result "1-0"]
[WhiteElo "1721"]
[BlackElo "1352"]
[Annotator "Winslow,E"]
[PlyCount "81"]
[EventDate "2017.??.??"]

1. e4 c5 2. Nf3 d6 3. d4 cxd4 4. Nxd4 Nf6 5. Nc3 a6 {1300 players playing the
Najdorf! Welcome to the 21st Century. (oh, it's been that for 17 years? oh
well)} 6. Be2 e5 7. Nb3 Be6 (7... Be7 8. O-O O-O 9. Kh1 b6 {
might still be "the rage" for all I know. Yes, the bishop goes to b7.}) 8. O-O
(8. f4 Qc7 (8... Qb6 $5) 9. g4 $5 {The earliest games with in the Mega 2015
database were by Julio Kaplan, although an anonymous annotator gave it as
first played in 1972...}) 8... Be7 (8... Nbd7 9. f4 Qc7 10. f5 Bc4 11. a4 Be7 {
Fischer won at least one nice game (vs. Unzicker) as Black, then Karpov won at
least a couple nice games as White (vs. Polugaevsky among others).}) 9. a4 O-O
10. Be3 Nc6 {This and} (10... Nbd7 {
are both 40.3% in Mega 2015, but the latter is 2-1 in popularity.}) ({
And the rare} 10... b6 {outscores them both! Go figure.}) 11. a5 (11. Qd2 {
a la Karpov perhaps?}) 11... Qc7 $2 (11... Bxb3 {grabbing a pawn!?} 12. cxb3 (
12. Bb6 Bxc2 13. Qxc2 Qd7 {when ...Bd8 puts it to that bishop.})) 12. Bb6 Qc8
$6 (12... Qd7 13. f3 (13. Bf3 Bxb3 14. cxb3 Bd8 15. Nd5 Nxd5 16. exd5 Ne7 17.
Bxd8 Rfxd8 18. Qd3 f5 {
0-1 (53) Schindlbeck,T (1888)-Sarchisov,S (1982) Willingen 2008}) 13... Nb4 14.
Nc1 d5 15. exd5 Nfxd5 16. Nxd5 Nxd5 17. Bf2 Qc6 18. Nd3 f6 19. c3 Rfd8 20. Qa4
Qc8 21. c4 Nf4 22. Nxf4 exf4 23. Rfd1 Bd7 24. Qc2 {
1/2-1/2 (24) Gesing,F (1764) -Berning,T (1812) Muensterland 2003}) 13. Bf3 Bg4
$2 (13... Bd8) (13... Bxb3) (13... Bc4) (13... Nd7) (13... Qd7 {even!}) 14. Nd5
$2 (14. Bxg4 Qxg4 15. Qxg4 Nxg4 16. Nd5 {These positions are usually mostly
about d5 and the backward pawn at d6. But sometimes, if Black dawdles, White
can play exd5 and mobilize his queenside majority, even with a pawn sac at c5.}
Nf6 17. Nxf6+ Bxf6 (17... gxf6 18. Rfd1 Rac8 19. c3 Nb8 20. f3 Nd7 21. Bf2) 18.
Rad1 Be7 19. Bc7 {woops}) 14... Bxf3 15. Qxf3 (15. Nxf6+ Bxf6 16. Qxf3 Qe6 $11)
15... Nxd5 16. exd5 Nb8 17. Qe4 Nd7 18. c4 Nf6 $2 (18... Nxb6 19. axb6 Qd8 $15
{but only =/+ because of} 20. Na5 Qxb6 21. b4) 19. Qe2 Re8 20. Nd2 Bd8 (20...
g6) 21. Be3 Ng4 22. b4 Nxe3 23. fxe3 f5 24. e4 f4 25. Rfc1 (25. c5) 25... Qd7
26. c5 Rc8 27. cxd6 $6 (27. c6 $1 bxc6 $6 28. Qxa6 $18) 27... Rxc1+ 28. Rxc1
Qxd6 29. Qc4 Be7 30. Rb1 (30. b5) 30... Kf8 31. Nf3 g5 32. Qc3 Bf6 33. Qc5
Qxc5+ (33... Rd8) 34. bxc5 Re7 35. Rb6 Kf7 36. c6 bxc6 37. dxc6 (37. Rxc6)
37... g4 38. Rb7 $2 (38. Ne1 Rc7 39. Nd3 Ke6 40. Nc5+ Kd6 41. Nb7+ Ke6 42. Rxa6
) 38... Kf8 $4 (38... Ke6 39. c7 Kd7 $11) 39. Nd2 $18 Re8 40. c7 Be7 41. Rb8
1-0

[Event "Mechanics' Spring TNM; G/2"]
[Site "San Francisco"]
[Date "2017.04.11"]
[Round "5.11"]
[White "Newey, Richard"]
[Black "Vickers, Keith"]
[Result "0-1"]
[WhiteElo "1721"]
[BlackElo "2200"]
[Annotator "Donaldson"]
[PlyCount "104"]
[EventDate "2017.??.??"]

1. e4 d5 2. Bd3 Nc6 3. exd5 Qxd5 4. Qf3 Nf6 5. Nc3 Qxf3 6. Nxf3 Bg4 7. Ng5 Nb4
8. Bb5+ c6 9. Ba4 e6 10. O-O Be7 11. d3 a5 12. a3 Na6 13. Bb3 Nc5 14. Ba2 h6
15. Nge4 Nfxe4 16. dxe4 e5 17. Be3 O-O 18. f3 Be6 19. Rfd1 Bxa2 20. Nxa2 Rfd8
21. Nc3 b5 22. Rxd8+ Rxd8 23. Rd1 Rxd1+ 24. Nxd1 Kf8 25. Kf1 Ke8 26. Ke2 Kd7
27. b3 a4 28. b4 Nb7 29. Nb2 Bxb4 $4 {Diagram [#]} 30. Nd3 $4 (30. axb4 a3 31.
Nd3 a2 32. Nxe5+ Ke6 33. Bd4 {and White stops the pawn.}) 30... Bd6 31. Bc1 Na5
32. Bd2 Nc4 33. Bb4 Nxa3 34. Bxa3 Bxa3 35. Nxe5+ Kc7 36. Kd2 Bb2 37. Nd3 a3 38.
Nb4 c5 39. Na2 b4 40. Kd3 Kc6 41. Kc4 h5 42. c3 bxc3 43. Nxc3 Bxc3 44. Kxc3 c4
45. g3 g5 46. Kc2 Kc5 47. Kc3 a2 48. Kb2 Kd4 49. Kxa2 Kd3 50. Kb2 Kd2 51. f4
gxf4 52. gxf4 c3+ 0-1